000 00605nam a22002057a 4500
005 20241209162227.0
008 241209b ||||| |||| 00| 0 eng d
040 _cAL
041 _aEnglish
082 _223
_a348.5487
_bPULK
100 _aKarnataka Law Journal Publications
_9189157
245 _aKarnataka Local Laws:Vol 14
260 _aBangalore
_bKarnataka Law Journal Publications
_c2024
300 _bHB
365 _a1061
_b₹2551.35
_c
_d₹3495.00
_e27%
_f28-11-2024
440 _aVolume 14
_9189158
650 _aLaw
_9189159
700 _aPULIANI (Yashpal) ed
_9189160
942 _2ddc
_cBI
999 _c232417
_d232417